Súhrnný indikátor spotrebiteľskej dôvery (október 2007)

Spotrebiteľská atmosféra na Slovensku sa naďalej zhoršuje. Indexy spotrebiteľskej dôvery v členských štátoch EÚ. Stručný prehľad výsledkov.

Enregistré dans:
Détails bibliographiques
Format: Chapitre de livre
Langue:slovaque
Sujets:
Tags: Ajouter un tag
Pas de tags, Soyez le premier à ajouter un tag!

MARC

LEADER 00000naa$a2200000$$$4500
001 0069005
005 20231106073450.3
041 0 |a slo 
044 |a SK 
245 1 0 |a Súhrnný indikátor spotrebiteľskej dôvery  |b (október 2007) 
520 |a Spotrebiteľská atmosféra na Slovensku sa naďalej zhoršuje. Indexy spotrebiteľskej dôvery v členských štátoch EÚ. Stručný prehľad výsledkov. 
610 2 0 |a spotrebitelia 
610 2 0 |a situácia hospodárska 
610 2 0 |a indexy 
610 2 0 |a Slovensko 
610 2 0 |a Európska únia